000 01016nam a2200313 a 4500
001 vtls000196461
003 NLI
005 20210602112931.0
008 101125s1961 enkh 000 1 eng
020 _cRs. 30.00
039 9 _y201011252324
_zVLOAD
040 0 _aNLI
_beng
_cVERGIS-2010
_eAACR2
041 0 _aeng
044 _aenk
082 0 4 _a823.91
100 1 _aStone, Irving,
_d1903-1989
_9373829
245 1 4 _aThe agony and the ecstasy :
_ba biographical novel of Michelangelo /
_cIrving stone
260 _aLondon :
_bCollins,
_cc1961
300 _axiii, 720 p. :
_bfacsim. ;
_c22 cm.
600 0 0 _aMichelangelo Buonarroti,
_d1475-1564
_xFiction
650 0 _aArtists
_xFiction
_9262224
651 0 _aItaly
_xFiction
_9262449
887 _a
901 _a341519
_b25.9.1961
902 _aE 823.91 St 71
942 _2ddc
_cBKS
949 _AVIRTUAITEM
_D10000
_X100
_6PUR000341519ENG
999 _aVIRTUA40
_c199488
_d199488
999 _aVTLSSORT0080*0200*0400*0410*0440*0820*1000*2450*2600*3000*6000*6500*6510*9010*9020*9490*9991